Trendy v pojišťovnictví

Zníženie prevádzkových nákladov. Optimalizácia procesov. Riešenie podvodov. Zvýšenie úrovne služieb. Efektivita v oblasti marketingu. Spolupráca s obchodnými zástupcami. Integrácia.

Gespeichert in:
Bibliographische Detailangaben
1. Verfasser: Chmelař, Martin
Format: Buchkapitel
Sprache:Tschechisch
Schlagworte:
Tags: Tag hinzufügen
Keine Tags, Fügen Sie das erste Tag hinzu!

MARC

LEADER 00000naa$a2200000$$$4500
001 0088681
005 20231010095405.5
041 0 |a cze 
044 |a CZ 
245 1 0 |a Trendy v pojišťovnictví  |c Martin Chmelař 
520 |a Zníženie prevádzkových nákladov. Optimalizácia procesov. Riešenie podvodov. Zvýšenie úrovne služieb. Efektivita v oblasti marketingu. Spolupráca s obchodnými zástupcami. Integrácia. 
610 2 0 |a poisťovníctvo 
610 2 0 |a náklady prevádzkové 
610 2 0 |a podvody 
610 2 0 |a služby 
610 2 0 |a zákazníci 
100 1 |a Chmelař, Martin